[Event "Niederbayernliga 0708"]
[Site "Germany"]
[Date "2007.11.04"]
[Round "2.8"]
[White "Pfaeffinger, Georg"]
[Black "Salmanian, Wolfram"]
[Result "1-0"]
[WhiteElo "1663"]
[BlackElo "1385"]
[PlyCount "67"]
[EventDate "2007.10.21"]
[EventType "team"]
[EventRounds "9"]
[EventCountry "GER"]
[SourceTitle "EXT 2009"]
[Source "ChessBase"]
[SourceDate "2008.11.26"]
[SourceVersion "1"]
[SourceVersionDate "2008.11.26"]
[SourceQuality "1"]
[WhiteTeam "Geiselhoering"]
[BlackTeam "Straubing"]
[WhiteTeamCountry "GER"]
[BlackTeamCountry "GER"]

1. e4 e5 2. Nf3 Nf6 3. d4 Nxe4 4. Bd3 d5 5. Nxe5 Be7 6. 0-0 0-0 7. c4 Nf6 8. Nc3 dxc4 9. Nxc4 Qxd4 10. Bxh7+ Kxh7 11. Qxd4 Nc6 12. Qh4+ Kg8 13. Bg5 Re8 14. Rfe1 Be6 15. Ne5 Nxe5 16. Rxe5 Bd8 17. Re3 Nh7 18. Bxd8 Raxd8 19. Rae1 Rd2 20. b3 Red8 21. h3 R8d4 22. Qg3 c6 23. Qb8+ Nf8 24. Qxb7 Rd7 25. Qxc6 R2d6 26. Qf3 Ng6 27. Rd1 Nh4 28. Qa8+ Kh7 29. Rxd6 Rxd6 30. Qe4+ Ng6 31. h4 Kh6 32. Rd3 Rb6 33. Qe3+ Kh5 34. Qg5# 1-0